000 00855nam a22002057a 4500
005 20180801120911.0
010 _a1718EN-30 B-688783-794 ENG-123797
020 _a9789380710679
_c375.00
035 _aB-688783-794 EN-107329
037 _bWisdom Village
_adpl
037 _bDBAD/PUB.
082 _a332.024
100 _aKulkarni, Ranjit
245 _aPath to financial independence :
_cby Ranjit Kulkarni
_bsimple strategies for the individual investor /
260 _aGurgaon
_bWisdom Village (Publication Division)
_c2015
270 _a649,O4U, Udyog Vihar, Phase V,
_bGurgaon, Haryana
_e122001
300 2 _a332p.
_c22cm(pbk)
942 _2ddc
_cEN
_mKUL
_h332.024
999 _c146161
_d146161